Programme de Collège - Statistiques

Statistiques générales
  • Ce quiz a été pris 10 fois
  • Le résultat moyen est 7 sur 26
Statistiques - réponses
Niveau Nom des programme % Correct
Fil directeur Habiter
80%
6,3H L’empire romain dans le monde antique
80%
6,3G Habiter les littoraux
60%
6,1G Habiter une métropole
60%
6,2G Habiter un espace de faible densité
60%
6.1 H La longue histoire de l’humanité et des migrations
60%
5.2G Des ressources limitées, à gérer et à renouveler
40%
6.2H Récits fondateurs, croyances et citoyenneté dans la Méditerranée antique au Ier millénaire
40%
6,4G Le monde habité
40%
4,3G Des espaces transformés par la mondialisation
20%
5.1H Chrétientés et islam
20%
4.2H L’Europe et le monde au XIXe siècle
20%
4.1G L’urbanisation du monde
20%
4,3H Société, culture et politique dans la France du XIXe siècle
20%
5,1G La question démographique & l’inégal développement
20%
3.2G Pourquoi et comment aménager le territoire?
20%
5.3G Prévenir les risques et s’adapter au changement global
20%
5.2H Société, Église et pouvoir politique dans l’occident féodal
20%
5,3H Transformations de l’Europe et ouverture sur le monde
20%
3,1G Dynamiques territoriales de la France contemporaine
0%
4,2G Les mobilités humaines transnationales
0%
3.3H Française et français dans une République repensée
0%
3,3G La France et l’Union Européenne
0%
3,2H Le monde depuis 1945
0%
3,1H L’Europe, théâtre majeur des guerres totales [1914-1945]
0%
4.1H Le XVIIIe siècle, expansions, Lumières et révolutions
0%
Aucun quiz correspondant
Distribution des résultats
% des personnes avec chaque résultat
Percentile par nombre de réponses
Votre historique - résultats
Vous n’avez pas pris ce quiz